000 004700000a22001810004500
003 MACL
005 20150707124350.0
008 150707b xxu||||| |||| 00| 0 eng d
040 _aMACL
_cMACL
041 _aEnglish
082 _a307/ARA
100 _aMahale, Prabha
_91066
245 _aBeyond The Fire Line
_bPreception Of Eight Tribal Women
260 _bIndian social Institute
_c1991
_aNew Delhi
350 _a25
650 _aSociology
_919
942 _cBK
_k307
_2ddc
999 _c4494
_d4494